00410nam a22001697a 4500003000400000005001700004008004100021050002400062082002500086245005900111260001000170300001100180521002100191526001600212541000600228562000600234OSt20140310182831.0130603t xxu||||| |||| 00| 0 eng d aK 2100 b.P826 1989 aM 347.731 bP81 1989 aNot OUR America… The ACLU Exposed!cPopeo, Daniel J. cc1989 a117 p. acollege students c1210L-1700L j1 e1